000 00278nam a22001217a 4500
008 181205b xxu||||| |||| 00| 0 eng d
041 _aeng
080 _a720
100 _a41
101 _aARK
245 _aKnowledge through Color Architecture
_cDalzell,W.R
942 _2udc
_cBK
999 _c52859
_d52859